MARC

Tag First Indicator Second Indicator Subfields
LEADER 00000cam a2200000Ma 4500
001 in00002528021
005 20180618120603.0
008 920617s1819 mx 001 0 spa
010 |a  51052190  
035 |a (OCoLC)ocm28302660 
035 |a (OCoLC)28302660 
040 |a DLC  |c PAU  |d OCLCQ  |d DIBAM  |d OCLCG  |d CLU  |d TXA  |d UtOrBLW 
049 |a TXAM 
050 0 0 |a BT660.G8  |b G6 
090 |a BT600.G8  |b G6 1819 
100 1 |a Gómez Marín, Manuel,  |d 1761-1850. 
245 1 0 |a Defensa guadalupana /  |c escrita por el P. Dr. y Mtrô. D. Manuel Gomez Marin ... contra la disertacion de D. Juan Bautista Muñoz. 
264 1 |a Méjico :  |b En la imprenta de D. Alejandro Valdés ...,  |c 1819. 
300 |a 10 unnumbered pages, 55 pages, 1 unnumbered page (final page blank) ;  |c 20 cm. (quarto) 
336 |a text  |b txt  |2 rdacontent 
337 |a unmediated  |b n  |2 rdamedia 
338 |a volume  |b nc  |2 rdacarrier 
500 |a Signatures: [1]⁸ 2-7⁴ chi1. 
500 |a One of the Cushing Library/Colonial Mexican Imprint Collection copies is bound with: Apología de la aparicion de nuestra Señora de Guadalupe de Méjico... /...José Miguel Guridi Alcocer (Méjico: Valdés, 1820).  |5 TXA 
510 4 |a Palau y Dulcet (2nd ed.),  |c 104079 
510 4 |a Medina, J.T. México,  |c 11486 
650 0 |a Guadalupe, Our Lady of. 
600 0 0 |a Mary,  |c Blessed Virgin, Saint  |x Apparitions and miracles  |z Mexico  |z Guadalupe Hidalgo. 
600 1 0 |a Muñoz, Juan Bautista,  |d 1745-1799.  |t Memoria sobre las apariciones. 
600 1 7 |a MUNOZ, JUAN BAUTISTA,  |d 1745-1799.  |t MEMORIA SOBRE LAS APARICIONES Y EL CULTO DE NUESTRA SENORA DE GUADALUPE DE MEXICO. 
700 1 |a Valdés, Alejandro,  |d active 19th century,  |e printer. 
948 |a cataloged  |b h  |c 2009/11/23  |d enhance  |e fpiscitelli  |f 4:01:09 pm 
994 |a C0  |b TXA 
999 |a MARS 
999 f f |s e42003c6-4b4b-322b-8f10-605f0074ab7d  |i 5289836c-0830-34f0-b02f-f52d1c7d951f  |t 0 
952 f f |p noncirc  |a Texas A&M University  |b College Station  |c Cushing Memorial Library & Archives  |d Cushing: Colonial Mexican Imprints (Does not check out)  |t 0  |e BT660.G8 G6 1819  |h Library of Congress classification  |i unmediated -- volume  |m A14851965856 
952 f f |p noncirc  |a Texas A&M University  |b College Station  |c Cushing Memorial Library & Archives  |d Cushing: Colonial Mexican Imprints (Does not check out)  |t 0  |e BT600.G8 G6 1819  |h Library of Congress classification  |i unmediated -- volume  |m A14851966086 
998 f f |a BT600.G8 G6 1819  |t 0  |l Cushing: Colonial Mexican Imprints (Does not check out) 
998 f f |a BT660.G8 G6 1819  |t 0  |l Cushing: Colonial Mexican Imprints (Does not check out)